| 000 | 01397nam a22002897a 4500 | ||
|---|---|---|---|
| 001 | 8845 | ||
| 003 | FISKH | ||
| 005 | 20251023092543.0 | ||
| 008 | 251023b cb ||||| |||| 00| 0 eng d | ||
| 040 |
_aFISKH _bkhr _cFISKH _dFISKH |
||
| 082 | _a895.922 | ||
| 100 | _aMinistry of Education, Youth and Sports | ||
| 245 |
_aដាក់នៅទីនេះ / _cក្រសួងអប់រំ យុវជន និងកីឡា |
||
| 260 |
_aភ្នំពេញ : _bក្រសួងអប់រំ យុវជន និងកីឡា , _c2010. |
||
| 300 |
_a8 pages : _bcolor illustrations ; _c30 cm . |
||
| 490 | _aLet's Read | ||
| 505 | _aF | ||
| 520 | _aសុធា សុខា បូផា ប្រាប់សាដែលជាសត្វស្វា កុំដាក់សម្រកចេកនៅលើដី អោយដាក់នៅទីនេះវិញ ( ធុងសម្រាម ) ។ | ||
| 520 | _aSothea, Sokha, and Bopha told Sa, the monkey, “Don’t throw banana peels on the ground. Put them here instead — in the trash bin.” | ||
| 521 | 8 |
_a300
_bLexile estimate |
|
| 521 | 8 |
_aF
_bRaz-Plus |
|
| 650 |
_aដាក់នៅទីនេះ _vរឿងនិទានកុមារ |
||
| 650 |
_aPut them here _vChildren's Stories |
||
| 700 |
_aLuy Luy , Yam _eIllustrator |
||
| 942 |
_2ddc _cKHB _n0 |
||
| 999 |
_c8845 _d8845 |
||